Sir William Scott, Lord Stowell, judge of the High Court of Admiralty, 1798-1828 /

Bibliographic Details
Main Author: Bourguignon, Henry J.
Format: Book
Language:English
Published: Cambridge [Cambridgeshire] ; New York : Cambridge University Press, 1987.
Series:Cambridge studies in English legal history.
Subjects:

MARC

Tag First Indicator Second Indicator Subfields
LEADER 00000cam a22000008a 4500
001 in00000012340
005 20151007051816.0
008 870305s1987 enk b 00110beng
010 |a  87006377  
020 |a 0521340764 
035 |a (OCoLC)15629074 
035 |9 AAA4901AM 
040 |a DLC  |c DLC  |d m/c  |d TXA  |d UtOrBLW 
043 |a e-uk--- 
049 |a TXAM  |c [A12605423] 
050 0 0 |a KD621.S36  |b B68 1987 
082 0 |a 343.41/096/0269  |a B  |a 344.103960269  |a B  |2 19 
100 1 |a Bourguignon, Henry J. 
245 1 0 |a Sir William Scott, Lord Stowell, judge of the High Court of Admiralty, 1798-1828 /  |c Henry J. Bourguignon. 
264 1 |a Cambridge [Cambridgeshire] ;  |a New York :  |b Cambridge University Press,  |c 1987. 
300 |a xiv, 310 pages 
336 |a text  |b txt  |2 rdacontent 
337 |a unmediated  |b n  |2 rdamedia 
338 |a volume  |b nc  |2 rdacarrier 
490 1 |a Cambridge studies in English legal history 
504 |a Bibliography: pages 294-299. 
500 |a Includes index. 
600 1 0 |a Scott, William,  |c Baron Stowell of Stowell Park,  |d 1745-1836. 
650 0 |a Judges  |z Great Britain  |v Biography. 
610 1 0 |a Great Britain.  |b High Court of Admiralty  |x History. 
830 0 |a Cambridge studies in English legal history. 
999 |a MARS 
999 f f |s b730c45d-a977-3339-a16e-377148d56b3f  |i 8977abbd-1ae2-3c71-82d1-1ccb8be7f2da  |t 0 
952 f f |p ric  |a Texas A&M University  |b Rellis Campus  |c Joint Library Facility  |d Remote Storage  |t 0  |e KD621.S36 B68 1987  |h Library of Congress classification  |i unmediated -- volume  |m A14812605423 
998 f f |a KD621.S36 B68 1987  |t 0  |l Remote Storage